|
|
|
|
| LEADER |
00991nam a2200253 a 4500 |
| 001 |
14758196 |
| 008 |
100928m20092007njua b 001 0 eng d |
| 010 |
|
|
|a 2007272235
|
| 020 |
|
|
|a 9780131423848
|
| 020 |
|
|
|a 0131423843
|
| 040 |
|
|
|a SISPL
|c SISPL
|d UAB
|d BAKER
|d DLC
|d DB-DhAAL
|
| 082 |
0 |
0 |
|a 511/.5
|2 22
|
| 100 |
1 |
|
|a Agnarsson, Geir.
|
| 245 |
1 |
0 |
|a Graph theory :
|b modeling, applications, and algorithms /
|c Geir Agnarsson, Raymond Greenlaw.
|
| 260 |
|
|
|a Upper Saddle River, N.J.;
|a New Dehli :
|b Pearson/Prentice Hall,
|c c2007.[impression 2009]
|
| 300 |
|
|
|a 464 p. :
|b ill. ;
|c 25 cm.
|
| 504 |
|
|
|a Includes bibliographical references and index.
|
| 541 |
1 |
|
|e 00021096
|
| 650 |
|
0 |
|a Graph theory.
|
| 650 |
|
0 |
|a Algorithms.
|
| 700 |
1 |
|
|a Greenlaw, Raymond.
|
| 852 |
4 |
|
|a Ayesha Abed Library
|j General Shelf.
|
| 999 |
|
|
|c 9581
|d 9581
|
| 952 |
|
|
|0 0
|1 0
|2 ddc
|4 0
|6 511_500000000000000_AGN_2009
|7 0
|9 12182
|a BRACUL
|b BRACUL
|c GEN
|d 2010-09-29
|l 7
|m 70
|o 511.5 AGN
|p 3010021096
|r 2025-05-19
|s 2025-04-15
|t 1
|w 2010-09-29
|y BK
|